000 00495nam a2200181Ia 4500
005 20250326143153.0
008 250326s9999 xx 000 0 und d
037 _aTextbook
040 _aFMSL
_beng
_cFMSL
041 _aeng
_2eng
084 _aX62.1 Mo1
_qFMSL
100 _aWeston R
_9747291
245 0 _aDomestic and multinational banking
_cWeston R
260 _aLondon
_bLondon, Croom Helm
_c1980
300 _a411p
942 _cTB
_hX62.1 Mo1
999 _c1298425
_d1298425